All 267 Popes of the Catholic Church - Statistics

General Stats
  • This quiz has been taken 116 times
  • The average score is 133 of 267
Answer Stats
Year Pope % Correct
1978 Bl. John Paul I
90%
2013-2025 Francis
90%
533–535 John II
90%
561–574 John III
90%
640–642 John IV
90%
900–903 John IX
90%
685–686 John V
90%
701–705 John VI
90%
705–707 John VII
90%
872–882 John VIII
90%
928-929 John X
90%
936–939 John XI
90%
964 John XII
90%
965–972 John XIII
90%
983-984 John XIV
90%
985–996 John XV
90%
523–526 St John I
90%
1978–2005 St John Paul II
90%
1513–1521 Leo X
89%
1605 Leo XI
89%
2025-present Leo XIV
89%
30 – 64 St Peter
89%
904–911 Leo V
87%
929–931 Leo VI
87%
939–942 Leo VII
87%
964–965 Leo VIII
87%
1823–1829 Leo XII
87%
1878–1903 Leo XIII
87%
440–461 St Leo I
87%
682–683 St Leo II
87%
795–816 St Leo III
87%
847–855 St Leo IV
87%
1049–1054 St Leo IX
87%
2005–2013 Benedict XVI
86%
1464–1471 Paul II
86%
1534–1549 Paul III
86%
1555–1559 Paul IV
86%
1605–1621 Paul V
86%
757–767 St Paul I
86%
1963–1978 St Paul VI
86%
575–579 Benedict I
85%
903-904 Benedict IV
85%
964 Benedict V
85%
973–974 Benedict VI
85%
855–858 Benedict III
83%
1032–1044 | 1045 | 1047–1048 Benedict IX
83%
974-983 Benedict VII
83%
1012–1024 Benedict VIII
83%
1334–1342 Benedict XII
83%
1724–1730 Benedict XIII
83%
1740–1758 Benedict XIV
83%
1914–1922 Benedict XV
83%
1303-1304 Bl. Benedict XI
83%
684–685 St Benedict II
83%
1846–1878 Bl. Pius IX
77%
1458–1464 Pius II
77%
1503 Pius III
77%
1559–1565 Pius IV
77%
1775–1799 Pius VI
77%
1800–1823 Pius VII
77%
1829–1830 Pius VIII
77%
1922–1939 Pius XI
77%
140 – 155 St Pius I
77%
1566–1572 St Pius V
77%
1903–1914 St Pius X
77%
1939–1958 Ven. Pius XII
77%
1198–1216 Innocent III
68%
1185–1187 Urban III
68%
1276 Bl. Innocent V
66%
1676–1689 Bl. Innocent XI
66%
1088–1099 Bl. Urban II
66%
1362–1370 Bl. Urban V
66%
1046–1047 Clement II
66%
1187–1191 Clement III
66%
1265–1268 Clement IV
66%
1667–1669 Clement IX
66%
1305–1314 Clement V
66%
1342–1352 Clement VI
66%
1523–1534 Clement VII
66%
1592–1605 Clement VIII
66%
1670–1676 Clement X
66%
1700–1721 Clement XI
66%
1730–1740 Clement XII
66%
1758–1769 Clement XIII
66%
1769–1774 Clement XIV
66%
1130–1143 Innocent II
66%
1243–1254 Innocent IV
66%
1591 Innocent IX
66%
1352–1362 Innocent VI
66%
1404–1406 Innocent VII
66%
1484–1492 Innocent VIII
66%
1644–1655 Innocent X
66%
1691–1700 Innocent XII
66%
1721–1724 Innocent XIII
66%
88 – 97 St Clement I
66%
401–417 St Innocent I
66%
222 – 230 St Urban I
66%
1261–1264 Urban IV
66%
1378–1389 Urban VI
66%
1590 Urban VII
66%
1623–1644 Urban VIII
66%
1061–1073 Alexander II
54%
1159–1181 Alexander III
54%
1254–1261 Alexander IV
54%
1492–1503 Alexander VI
54%
1655–1667 Alexander VII
54%
1689–1691 Alexander VIII
54%
1271–1276 Bl. Gregory X
54%
827–844 Gregory IV
54%
1227–1241 Gregory IX
54%
996–999 Gregory V
54%
1045–1046 Gregory VI
54%
1187 Gregory VIII
54%
1370–1378 Gregory XI
54%
1406–1415 Gregory XII
54%
1572–1585 Gregory XIII
54%
1590–1591 Gregory XIV
54%
1621–1623 Gregory XV
54%
1831–1846 Gregory XVI
54%
105 – 115 St Alexander I
54%
590–604 St Gregory I
54%
715–731 St Gregory II
54%
731–741 St Gregory III
54%
1073–1085 St Gregory VII
54%
1471–1484 Sixtus IV
49%
1585–1590 Sixtus V
49%
115 – 125 St Sixtus I
49%
257 – 258 St Sixtus II
49%
432–440 St Sixtus III
49%
752–757 Stephen II
46%
768–772 Stephen III
46%
816–817 Stephen IV
46%
1057–1058 Stephen IX
46%
885–891 Stephen V
46%
896–897 Stephen VI
46%
931-936 Stephen VII
46%
942–946 Stephen VIII
46%
336 – 336 St Mark
46%
254 – 257 St Stephen I
46%
530–532 Boniface II
42%
607 Boniface III
42%
1389–1404 Boniface IX
42%
619–625 Boniface V
42%
896 Boniface VI
42%
1294–1303 Boniface VIII
42%
1058–1061 Nicholas II
42%
418–422 St Boniface I
42%
608–615 St Boniface IV
42%
1503–1513 Julius II
41%
1550–1555 Julius III
41%
337 – 352 St Julius I
41%
1277–1280 Nicholas III
38%
1288–1292 Nicholas IV
38%
1447–1455 Nicholas V
38%
858–867 St Nicholas I
38%
772–795 Adrian I
35%
867–872 Adrian II
35%
1154–1159 Adrian IV
35%
1276 Adrian V
35%
1522–1523 Adrian VI
35%
884–885 St Adrian III
35%
64 – 76 St Linus
35%
1086–1087 Bl. Victor III
34%
1143–1144 Celestine II
34%
1191–1198 Celestine III
34%
1241 Celestine IV
34%
1281–1285 Martin IV
34%
1417–1431 Martin V
34%
422–432 St Celestine I
34%
1294 St Celestine V
34%
649–655 St Martin I
34%
189 – 198/9 St Victor I
34%
1055–1057 Victor II
34%
314 – 335 St Sylvester I
32%
999–1003 Sylvester II
32%
1045 Sylvester III
32%
708–715 Constantine
31%
625–638 Honorius I
31%
1124–1130 Honorius II
31%
1216–1227 Honorius III
31%
1285–1287 Honorius IV
31%
1555 Marcellus II
30%
236 – 250 St Fabian
30%
308 – 309 St Marcellus I
30%
1119–1124 Callixtus II
28%
1455–1458 Callixtus III
28%
1144–1145 Lucius II
28%
1181–1185 Lucius III
28%
218-222 St Callixtus I
28%
253 – 254 St Lucius I
28%
269 – 274 St Felix I
27%
483–492 St Felix III
27%
526–530 St Felix IV
27%
642–649 Theodore I
27%
898–900 Theodore II
27%
251 – 253 St Cornelius
24%
827 Valentine
24%
496–498 Anastasius II
23%
913–914 Anastasius III
23%
1153–1154 Anastasius IV
23%
1145–1153 Bl. Eugene III
23%
1048 Damasus II
23%
824–827 Eugene II
23%
1431–1447 Eugene IV
23%
1099–1118 Paschal II
23%
399–401 St Anastasius I
23%
76 – 88 St Cletus
23%
366 – 384 St Damasus I
23%
259 – 268 St Dionysius
23%
654–657 St Eugene I
23%
817–824 St Paschal I
23%
155 – 166/7 St Anicetus
21%
309 – 310 St Eusebius
21%
97 – 105 St Evaristus
21%
461–468 St Hilarius
21%
136 – 140 St Hyginus
21%
741–752 St Zachary
21%
891–896 Formosus
20%
914-928 Lando
20%
882–884 Marinus I
20%
946–955 Marinus II
20%
844–847 Sergius II
20%
911-913 Sergius III
20%
1009–1012 Sergius IV
20%
687–701 St Sergius I
20%
125 – 136 St Telesphorus
20%
955–963 Agapetus II
18%
686–687 Conon
18%
676–678 Donus
18%
640 Severinus
18%
535–536 St Agapetus I
18%
275 – 283 St Eutychian
18%
514–523 St Hormisdas
18%
230 – 235 St Pontian
18%
166/7 – 174/5 St Soter
18%
498–514 St Symmachus
18%
1118–1119 Gelasius II
17%
352 – 366 Liberius
17%
897-898 Romanus
17%
678–681 St Agatho
17%
235 – 236 St Anterus
17%
283 – 296 St Caius
17%
492–496 St Gelasius I
17%
296 – 304 St Marcellinus
17%
311 – 314 St Miltiades
17%
384 – 399 St Siricius
17%
198/9 – 217 St Zephyrinus
17%
417–418 St Zosimus
17%
1276–1277 John XXI
15%
1316–1334 John XXII
15%
556–561 Pelagius I
15%
579–590 Pelagius II
15%
604–606 Sabinian
15%
1958–1963 St John XXIII
15%
536–537 St Silverius
15%
537–555 Vigilius
15%
672–676 Adeodatus II
14%
708 Sisinnius
14%
615–618 St Adeodatus I
14%
468–483 St Simplicius
14%
657–672 St Vitalian
14%
174/5 – 189 St Eleutherius
10%
1003 John XVII
7%
1003–1009 John XVIII
7%
1024–1032 John XIX
6%
No matching quizzes found
Score Distribution
Percent of People with Each Score
Percentile by Number Answered
Your Score History
You have not taken this quiz